00922cam a2200265 a 45000010008000000030004000080050017000120080041000290100017000700200026000870400013001130410013001260430021001390500026001600820025001861000031002112400051002422450099002932600034003923000029004265000058004555040064005136500036005776500043006134857696OSt20230626091235.0910412s1991 gw a b 001 0 eng  a 91140832  a3801201619 :cDM48.00 aDLCcDLC1 aenghger ae-gx---ae-gw---00aHD6694b.S263313 199100a331.88/0943220bSCH1 aSchneider, Michael,d1944-10aKleine Geschichte der Gewerkschaften.lEnglish12aA brief history of the German trade unions /cMichael Schneider ; translated by Barrie Selman. aBonn :bJ.H.W. Dietz,cc1991. a422 p. :bill. ;c21 cm. aTranslation of: Kleine Geschichte der Gewerkschaften. aIncludes bibliographical references (p. 402-411) and index. 0aLabor unionszGermanyxHistory. 0aLabor unionszGermany (West)xHistory.